| 000 | 00416 a2200133 4500 | ||
|---|---|---|---|
| 001 | ART_39650 | ||
| 005 | 20260410162000.0 | ||
| 008 | 260409a | ||
| 245 | 1 | 0 | _aPrograma para el ejercicio profesional contable |
| 100 | 1 | _aFronti de García, Luisa | |
| 700 | 1 | _aLarocca, Norberto Genaro | |
| 700 | 1 | _aSuárez Kimura, Elsa Beatriz | |
| 773 | 0 |
_tPropuestas _g- Año 1, Nº 2 (dic. 1995) _wREV28258 |
|
| 999 |
_c31232 _d31232 |
||